Jehovah's Witnesses. (Record no. 3714)
[ view plain ]
| 000 -LEADER | |
|---|---|
| fixed length control field | 00680nam a2200229I 4500 |
| 001 - CONTROL NUMBER | |
| control field | 3188545 |
| 003 - CONTROL NUMBER IDENTIFIER | |
| control field | OSt |
| 005 - DATE AND TIME OF LATEST TRANSACTION | |
| control field | 20181121114332.0 |
| 008 - FIXED-LENGTH DATA ELEMENTS--GENERAL INFORMATION | |
| fixed length control field | 770815s1957 miu b 000 0 eng |
| 010 ## - LIBRARY OF CONGRESS CONTROL NUMBER | |
| LC control number | 57044045 /L |
| 040 ## - CATALOGING SOURCE | |
| Original cataloging agency | DLC |
| Transcribing agency | EXC |
| Modifying agency | m.c. |
| -- | BSC |
| 082 ## - DEWEY DECIMAL CLASSIFICATION NUMBER | |
| Classification number | 289.92 |
| Item number | M379J |
| 092 ## - LOCALLY ASSIGNED DEWEY CALL NUMBER (OCLC) | |
| Classification number | 230.99 |
| Item number | M379j |
| 100 1# - MAIN ENTRY--PERSONAL NAME | |
| Personal name | Martin, Walter Ralston, |
| Dates associated with a name | 1928- |
| 245 10 - TITLE STATEMENT | |
| Title | Jehovah's Witnesses. |
| 260 ## - PUBLICATION, DISTRIBUTION, ETC. | |
| Place of publication, distribution, etc. | Grand Rapids, |
| Name of publisher, distributor, etc. | Division of Cult Apologetics, Zondervan Pub. House |
| Date of publication, distribution, etc. | [1957] |
| 300 ## - PHYSICAL DESCRIPTION | |
| Extent | 64 p. |
| Dimensions | 20 cm. |
| 490 0# - SERIES STATEMENT | |
| Series statement | The Modern cult library booklet series |
| 504 ## - BIBLIOGRAPHY, ETC. NOTE | |
| Bibliography, etc. note | Includes bibliography. |
| 650 #0 - SUBJECT ADDED ENTRY--TOPICAL TERM | |
| Topical term or geographic name entry element | Jehovah's Witnesses |
| General subdivision | Controversial literature. |
| 942 ## - ADDED ENTRY ELEMENTS (KOHA) | |
| Source of classification or shelving scheme | Dewey Decimal Classification |
| Koha item type | Books |
| Withdrawn status | Lost status | Source of classification or shelving scheme | Damaged status | Not for loan | Collection code | Home library | Current library | Shelving location | Date acquired | Cost, normal purchase price | Total Checkouts | Full call number | Barcode | Date last seen | Price effective from | Koha item type |
|---|---|---|---|---|---|---|---|---|---|---|---|---|---|---|---|---|
| Dewey Decimal Classification | Non-fiction | Harvest Mission College | Harvest Mission College | General Stacks | 21.11.2018 | 180.00 | 289.92 M379J | 004295 | 21.11.2018 | 21.11.2018 | Books | |||||
| Dewey Decimal Classification | Non-fiction | Harvest Mission College | Harvest Mission College | General Stacks | 21.11.2018 | 180.00 | 289.92 M379J | 006007 | 02.01.2019 | 21.11.2018 | Books |
